Movies Quiz

Random Movies or Actress Quiz

Actress Oscar Win for Movie's Only Oscar Nomination Quiz Stats

Quiz not verified by Sporcle

Challenge
Share
Tweet
Embed
Score 0/20 Timer 04:00
0 Plays Today
% Correct
Julianne Moore
85.9%
Marisa Tomei
84.4%
Angelina Jolie
81.3%
Kathy Bates
81.3%
Charlize Theron
75%
Goldie Hawn
71.9%
Jessica Lange
70.3%
Margaret Rutherford
64.1%
Jodie Foster
62.5%
Katharine Hepburn
62.5%
% Correct
Linda Hunt
59.4%
Claire Trevor
59.4%
Helen Hayes
59.4%
Sophia Loren
56.3%
Penélope Cruz
53.1%
Mary Pickford
51.6%
Joanne Woodward
50%
Mary Astor
50%
Marie Dressler
48.4%
Bette Davis
40.6%

You're not logged in!

Compare scores with friends on all Sporcle quizzes.
Sign Up with Email
OR
Log In

You Might Also Like...

Show Comments

Extras

Top Quizzes Today


Score Distribution

Your Account Isn't Verified!

In order to create a playlist on Sporcle, you need to verify the email address you used during registration. Go to your Sporcle Settings to finish the process.